| 000 | nam a22 7a 4500 | ||
|---|---|---|---|
| 999 |
_c126892 _d126892 |
||
| 008 | 170905b xxu||||| |||| 00| 0 eng d | ||
| 050 | _aBX2200.K29 | ||
| 100 |
_aKelly, Liam _935590 |
||
| 245 |
_aSacraments revisited _bWhat do they mean today _c/ Liam Kelly |
||
| 260 |
_aLondon _bDarton, Longman and Todd Ltd. _c1998 |
||
| 300 |
_axiv, 173p. ; _c22cm. |
||
| 650 |
_aSacraments _xCatholic church _935591 |
||
| 700 |
_aNichols, Vincent _eed. _935592 |
||
| 942 |
_2lcc _cMONOGRAPH |
||